Advanced strength of materials (Record no. 6074)

000 -LEADER
fixed length control field 00525nam a2200193 4500
001 - CONTROL NUMBER
control field 6074
003 - CONTROL NUMBER IDENTIFIER
control field BD-DhHUET
008 - FIXED-LENGTH DATA ELEMENTS--GENERAL INFORMATION
fixed length control field 790809s1952 nyua 001 0 eng
020 ## - INTERNATIONAL STANDARD BOOK NUMBER
International Standard Book Number 070164002
040 ## - CATALOGING SOURCE
Original cataloging agency DLC
Transcribing agency DLC
Modifying agency BD-DhHUET
082 ## - DEWEY DECIMAL CLASSIFICATION NUMBER
Classification number 620.11
Item number DEN/1952
100 1# - MAIN ENTRY--PERSONAL NAME
Personal name Den Hartog, J. P.
245 10 - TITLE STATEMENT
Title Advanced strength of materials
Statement of responsibility, etc. by Den Hartog, J. P.
250 ## - EDITION STATEMENT
Edition statement 1st ed.
260 ## - PUBLICATION, DISTRIBUTION, ETC. (IMPRINT)
Place of publication, distribution, etc. New York
Name of publisher, distributor, etc. McGraw-Hill
Date of publication, distribution, etc. 1952
300 ## - PHYSICAL DESCRIPTION
Extent ix,379 p.
Other physical details illus.
Dimensions 24 cm.
650 #0 - SUBJECT ADDED ENTRY--TOPICAL TERM
Topical term or geographic name as entry element Strength of materials: engineering
942 ## - ADDED ENTRY ELEMENTS (KOHA)
Koha item type General Book
Holdings
Withdrawn status Copy number Date acquired Not for loan Koha date last seen Koha item type Price effective from Damaged status Shelving location Piece designation (barcode) Source of classification or shelving scheme Lost status Location (home branch) Koha normalized classification for sorting Sublocation or collection (holding branch) Koha full call number
 12014-11-30 2014-11-30General Book2014-11-30 Circulation section87925  Central Library, BUET620_000000000000000_11DEN1952Central Library, BUET620.11/DEN/1952
 22015-04-23 2015-04-23General Book2015-04-23 Circulation section29906  Central Library, BUET620_110000000000000_DEN_1952Central Library, BUET620.11/DEN/1952
 32015-04-23 2015-04-23General Book2015-04-23 Circulation section29901  Central Library, BUET620_110000000000000_DEN_1952Central Library, BUET620.11/DEN/1952
 42015-04-23 2015-04-23General Book2015-04-23 Circulation section34760  Central Library, BUET620_110000000000000_DEN_1952Central Library, BUET620.11/DEN/1952
 52015-04-23 2015-04-23General Book2015-04-23 Circulation section29903  Central Library, BUET620_110000000000000_DEN_1952Central Library, BUET620.11/DEN/1952
 62015-04-23 2015-04-23General Book2015-04-23 Circulation section34761  Central Library, BUET620_110000000000000_DEN_1952Central Library, BUET620.11/DEN/1952
 72015-04-23 2015-04-23General Book2015-04-23 Circulation section29908  Central Library, BUET620_110000000000000_DEN_1952Central Library, BUET620.11/DEN/1952
 82015-04-23 2015-04-23General Book2015-04-23 Circulation section29905  Central Library, BUET620_110000000000000_DEN_1952Central Library, BUET620.11/DEN/1952
 92015-04-23 2015-04-23General Book2015-04-23 Circulation section29904  Central Library, BUET620_110000000000000_DEN_1952Central Library, BUET620.11/DEN/1952
 102015-04-25 2015-04-25General Book2015-04-25 Circulation section34762  Central Library, BUET620_110000000000000_DEN_1952Central Library, BUET620.11/DEN/1952
 112015-04-25 2015-04-25General Book2015-04-25 Circulation section29907  Central Library, BUET620_110000000000000_DEN_1952Central Library, BUET620.11/DEN/1952